000 00342cam a22001217a 4500
008 180718b1986 xxu||||| |||| 00| 0 eng d
082 _aI5372 M687
100 _aMishkoff, Henry C.
245 _aUnderstanding artificial intelligence
_cby Henry C. Mishkoff
260 _aDelhi
_bBPB
_c1986
300 _a258p.
650 _aArtificial intelligence
999 _c348956
_d348956